| 000 | 01507nam a2200349 c 4500 | ||
|---|---|---|---|
| 999 |
_c57366 _d57366 |
||
| 003 | BLK | ||
| 005 | 20220629154053.0 | ||
| 008 | 180408b bul|||||r ||||||| ||bul|| | ||
| 010 | _aKNG00061368000 | ||
| 040 | _aBLK | ||
| 041 |
_aBUL _cBUL |
||
| 080 |
_aПсихология на детската и юношеска възраст _b159.922.7/.8 _x(075.8) _z159.922.7/.8(075.8) |
||
| 080 |
_aПедагогическа психология _b37.015.3 _x(075.8) _z37.015.3(075.8) |
||
| 100 | 1 |
_aПирьов, Генчо Димитров _eпърви автор _9364704 |
|
| 139 | _aПирьов, Генчо Димитров | ||
| 245 | 1 | 0 |
_aДетска психология _bУчебник за студентите по педагогика _cГенчо Димитров Пирьов. |
| 250 | _a5. прераб. изд. | ||
| 257 | _aBGR | ||
| 260 |
_aСофия _bНаука и изкуство _c1971 _fЯмбол : Г. Димитров |
||
| 300 |
_a499 с. _c22 см |
||
| 380 | _a1 | ||
| 500 | _a4 039 тир. - Библиогр. с. 486-494. | ||
| 650 | 4 |
_aДетска и педагогическа психология - учебници за ВУЗ _9242551 |
|
| 653 | _aдетска психология | ||
| 653 | _aпедагогическа психология | ||
| 653 | _aучебници за ВУЗ | ||
| 852 |
_aЦб 60686 _bЦб |
||
| 942 |
_cKNG _n0 _02 _s1 |
||
| 944 |
_aCR _c13.06.2004 _kДиана_Димитрова |
||
| 944 |
_aED _c15.11.2016 _kКети_Илиева |
||
| 944 |
_aED _c2022-06-29 _kСТ |
||
| 999 | _d57366 | ||